Paroles - Regrets - Mylène Farmer & Jean-Louis Murat - Statistiques

Statistiques générales
  • Ce quiz a été pris 64 fois
  • Le résultat moyen est 271 sur 340
Statistiques - réponses
Paroles % Correct
no
100%
À
98%
à
98%
De
98%
de
98%
la
98%
là,
98%
là)
98%
là)...
98%
regrets
98%
et
96%
Je
96%
je
96%
(Je
96%
pas
96%
Fais
91%
le
91%
les
91%
ne
91%
way
91%
confiance,
89%
sais
89%
se
89%
tous
89%
tout,
89%
tu
89%
Tu
89%
ce
87%
des
87%
me
87%
N'aie
87%
pense
87%
que
87%
te
87%
du
85%
fait
85%
moi)
85%
Nos
85%
nos
85%
qui
85%
viens,
85%
Viens,
85%
(Viens
85%
(viens
85%
jamais
83%
83%
sens
83%
J'ai
81%
plus
81%
pu
81%
rien
81%
très
81%
Loin,
79%
L'hiver
79%
loin
79%
monde
79%
promesse,
79%
s'aimer
79%
voyage
79%
amours
77%
Au
77%
doux
77%
meurt
77%
n'ont
77%
son
77%
voir)
77%
après
74%
l'automne
74%
mortes
74%
qu'importe
74%
soir)
74%
ceux
72%
Fais-moi
72%
long,
72%
fous
70%
L'indifférence
70%
t'emmène
70%
visage
70%
menace
68%
âmes
66%
aux
66%
confondent
66%
éternelles
66%
sage
66%
saisons
66%
sois
66%
dorment
64%
porte
64%
rêves
64%
s'aiment
64%
vrai
64%
L'amour
62%
neiges
62%
Oh,
62%
vent
62%
Debout
60%
N'ouvre
60%
remords,
60%
suspendus
60%
tête
60%
bois
55%
devine
55%
ivre
55%
cachait
53%
jeux
53%
noces
53%
piège
53%
(reste
53%
clandestines
51%
est
51%
infirmes
51%
(près
51%
d'antan,
49%
l'anathème
49%
lèvres
49%
éperdues
47%
l'innocence
47%
troublants
47%
(Pour
43%
Gardons
40%
l'insouciance
40%
S'offrent
36%
t'asseoir)
34%
promets)
30%
(d'être
23%
(L'aube
23%
l'éternité)
23%
Aucun quiz correspondant
Distribution des résultats
% des personnes avec chaque résultat
Percentile par nombre de réponses
Votre historique - résultats
Vous n’avez pas pris ce quiz